000 00451nam a22001817a 4500
003 koha_MIRAKIL
005 20231213095620.0
008 231213b |||||||| |||| 00| 0 ||| d
020 _b978-9-75677412-0
040 _aTR-IsEVY
_btur
_cTR-IsEVY
082 _a900 AY/A
100 _aAY, EHZAT.
245 0 _aATATÜRK'TEN SONRA KAN VE GÖZYAŞI.
260 _bToplumsal Dönüşüm,
_c1999
300 _a144.
650 _aTarih.
942 _2ddc
_cBK
999 _c6575
_d6575